| 000 | 00865nam a2200253 a 4500 | ||
|---|---|---|---|
| 001 | 000030666 | ||
| 003 | OSt | ||
| 005 | 20201127094351.0 | ||
| 008 | 110525s1926 dr 000 | spa d | ||
| 040 |
_aDO-SdBNP _bspa _cBNPHU |
||
| 082 | 4 |
_a331.6272907293 _bV648a _222 |
|
| 100 | 1 |
_aVidal, F. _957251 |
|
| 245 | 1 | 0 |
_aApuntes sobre inmigración / _cF. Vidal. |
| 260 |
_aSanto Domingo : _bMontalvo, _c1926. |
||
| 300 |
_a35 p. ; _c22 cm. |
||
| 500 | _aIncluye notas al pie de las páginas. | ||
| 590 | _aInventariado, 2019/VM | ||
| 650 | 4 |
_aTrabajadores del azúcar _zRepública Dominicana _910114 |
|
| 650 | 4 |
_aTrabajadores del azúcar _zCaribe (Región) _977450 |
|
| 650 | 4 |
_aTrabajadores extranjeros _zRepública Dominicana _953854 |
|
| 650 | 4 |
_aTrabajo extranjero _zRepública Dominicana _977451 |
|
| 910 | _aValidado. Control de calidad MFF | ||
| 942 |
_2ddc _cLBS1 |
||
| 999 |
_c30158 _d30158 |
||